Score 0/30 Timer 17:00
0 Plays Today
% Correct
Mark Lee
87%
Wong Yukhei
86.1%
Moon Taeil
83.3%
Huang Renjun
82.4%
Park Jisung
77.8%
Lee Taeyong
76.9%
Na Jaemin
75.9%
Nakamoto Yuta
75.9%
Kim Jungwoo
75.9%
Lee Jeno
75%
Zhong Chenle
74.1%
Lee Donghyuck
73.1%
Lee Jeno, Na Jaemin
73.1%
Jung Yoonoh
71.3%
Zhong Chenle, Lee Taeyong
69.4%
% Correct
Johnny Seo
68.5%
Qian Kun
67.6%
Kim Dongyoung
66.7%
Nakamoto Yuta, Dong Sicheng
63.9%
Dong Sicheng
62%
Lee Donghyuck, Mark Lee
62%
Lee Jeno, Huang Renjun, Mark Lee
61.1%
Chittaphon Leechaiyapornkul
59.3%
Chittaphon Leechaiyapornkul, Qian Kun
58.3%
Jung Yoonoh, Johnny Seo
57.4%
Chittaphon Leechaiyapornkul, Lee Taeyong
45.4%
Dong Sicheng, Kim Dongyoung, Kim Jungwoo, Lee Taeyong, Jung Yoonoh, Mark Lee, Wong Yukhei
33.3%
Nakamoto Yuta, Kim Jungwoo, Dong Sicheng, Jung Yoonoh, Kim Dongyoung, Lee Taeyong, Mark Lee, Moon Taeil, Lee Donghyuck, Johnny Seo
28.7%
Lee Donghyuck, Zhong Chenle, Lee Jeno, Huang Renjun, Na Jaemin, Park Jisung, Mark Lee
26.9%
Dong Sicheng, Park Jisung, Zhong Chenle, Lee Donghyuck, Kim Dongyoung, Nakamoto Yuta, Moon Taeil, Lee Jeno, Johnny Seo, Mark Lee, Jung Yoonoh, Wong Yukhei, Qian Kun, Chittaphone Leechaiyapornkul, Lee Taeyong, Kim Jungwoo, Na Jaemin, Huang Renjun
1.9%
Remove Ads.
Support Sporcle.
Get the best of Sporcle when you Go Orange. This ad-free experience offers more features, more stats, and more fun while also helping to support Sporcle. Thank you for becoming a member.

You're not logged in!

Compare scores with friends on all Sporcle quizzes.
OR
Log In

Show Comments

Extras

Created Dec 19, 2018ReportNominate
Tags:NCT

Top Quizzes Today


Score Distribution

Your Account Isn't Verified!

In order to create a playlist on Sporcle, you need to verify the email address you used during registration. Go to your Sporcle Settings to finish the process.

Report this User

Report this user for behavior that violates our Community Guidelines.

Details: